Makromarketing cestovného ruchu

Salvato in:
Dettagli Bibliografici
Autore principale: Litomerický, Juraj
Ente Autore: Ekonomická univerzita v Bratislave. Obchodná fakulta
Altri autori: Benčič, Stanislav, Poláček, Michal
Natura: Libro
Lingua:slovacco
Pubblicazione: Bratislava Vydavateľstvo EKONÓM 2011
Soggetti:
Tags: Aggiungi Tag
Nessun Tag, puoi essere il primo ad aggiungerne!!

MARC

LEADER 00000nam a2200000 4500
001 0128602
005 20240502072455.4
020 |a 978-80-225-3146-7 
041 0 |a slo 
044 |a SK 
245 1 0 |a Makromarketing cestovného ruchu  |c Juraj Litomerický 
264 1 |a Bratislava  |b Vydavateľstvo EKONÓM  |c 2011 
300 |a 120 s. [6,356 AH] 
610 2 0 |a makromarketing 
610 2 0 |a marketing 
610 2 0 |a ruch cestovný 
610 2 0 |a politika ruchu cestovného 
610 2 0 |a kampane reklamné 
610 2 0 |a stratégia marketingová 
610 2 0 |a veľtrhy 
610 2 0 |a výstavy 
610 2 0 |a Francúzsko 
610 2 0 |a Grécko 
610 2 0 |a Kanada 
610 2 0 |a Španielsko 
610 2 0 |a Turecko 
100 1 |a Litomerický, Juraj 
700 1 |a Benčič, Stanislav 
700 1 |a Poláček, Michal 
710 2 |a Ekonomická univerzita v Bratislave. Obchodná fakulta